[Event "ODJM B 2015"]
[Site "Willingen GER"]
[Date "2015.05.30"]
[Round "9"]
[White "Caliebe, Nanke"]
[Black "Wachinger, Nikolas"]
[Result "1-0"]
[Termination "normal"]
[Board "3"]
[WhiteElo "1502"]
[BlackElo "1299"]
[WhiteClock "00:09:51"]
[BlackClock "00:03:07"]
[PlyCount "89"]
[WhiteFideId "12980528"]
[BlackFideId "12962791"]
[EventCountry "GER"]
[EventRounds "9"]
[EventType "swiss"]
[EventDate "2015.05.23"]

1. d4 d5 2. Nf3 Nf6 3. Bf4 c6 4. e3 Bf5 5. h3 h6 6. Bd3 Bxd3 7. Qxd3 Nbd7 8.
Nbd2 e6 9. O-O Nb6 10. Ne5 Bd6 11. Rfe1 Qc7 12. b3 Nbd7 13. Ndf3 O-O 14. c4 c5
15. Rac1 b6 16. Nxd7 Nxd7 17. Bxd6 Qxd6 18. cxd5 Qxd5 19. Red1 Qb7 20. dxc5
Nxc5 21. Qd4 a5 22. Ne5 a4 23. b4 Ne4 24. Qd7 Qxd7 25. Rxd7 Nf6 26. Rb7 Nd5 27.
a3 Rab8 28. Ra7 Ra8 29. Rxa8 Rxa8 30. Rc6 Rd8 31. e4 Nf6 32. f3 b5 33. Rb6 Nd7
34. Rd6 Nxe5 35. Rxd8+ Kh7 36. Rb8 Nc4 37. Rxb5 Nxa3 38. Ra5 Nc4 39. Rxa4 Nd6
40. Ra6 Nc4 41. b5 Kg6 42. b6 Nxb6 43. Rxb6 Kf6 44. f4 g5 45. g3 1-0

[Event "ODJM B 2015"]
[Site "Willingen GER"]
[Date "2015.05.30"]
[Round "9"]
[White "Arnold, Leander"]
[Black "Kublanov, Carolin"]
[Result "1-0"]
[Termination "normal"]
[Board "4"]
[WhiteElo "1562"]
[BlackElo "1607"]
[WhiteClock "00:20:58"]
[BlackClock "00:13:06"]
[PlyCount "145"]
[WhiteFideId "12990230"]
[BlackFideId "12944548"]
[EventCountry "GER"]
[EventRounds "9"]
[EventType "swiss"]
[EventDate "2015.05.23"]

1. d4 d5 2. Nf3 Nf6 3. e3 Bg4 4. Bd3 e6 5. Nbd2 Bd6 6. O-O O-O 7. c3 Nbd7 8. e4
dxe4 9. Nxe4 Be7 10. Ng3 e5 11. h3 Bxf3 12. Qxf3 exd4 13. cxd4 c6 14. Nf5 Re8
15. Qg3 Nh5 16. Qg4 Ndf6 17. Qf3 Qd5 18. Qd1 g6 19. Nh6+ Kh8 20. g4 Ng7 21. Bc2
c5 22. dxc5 Qxd1 23. Rxd1 Rf8 24. Bb3 Ne6 25. Nxf7+ Rxf7 26. Bxe6 Rff8 27. b4
Ne4 28. Bb2+ Bf6 29. Bxf6+ Rxf6 30. Bd5 Nxf2 31. Rf1 Nxh3+ 32. Kh2 Rxf1 33.
Rxf1 Ng5 34. Bxb7 Rd8 35. c6 Rd2+ 36. Kh1 Rc2 37. Rf4 Kg7 38. b5 Ne6 39. Re4
Ng5 40. Rf4 Ne6 41. Rf3 Nd4 42. Rf4 Ne6 43. Re4 Ng5 44. Re3 Kf6 45. Bc8 h5 46.
gxh5 gxh5 47. a4 h4 48. a5 Nf7 49. Bd7 Ne5 50. b6 axb6 51. axb6 Rxc6 52. Bxc6
Nxc6 53. b7 Kg5 54. Re8 Kg4 55. b8=Q Nxb8 56. Rxb8 Kg3 57. Rb3+ Kg4 58. Kh2 Kf4
59. Kh3 Ke4 60. Kxh4 Kd4 61. Rb5 Kc4 62. Rf5 Kd4 63. Kg5 Ke4 64. Kf6 Kd4 65.
Ra5 Ke4 66. Rh5 Kd4 67. Ke6 Kc4 68. Kd6 Kb4 69. Kc6 Ka4 70. Rb5 Ka3 71. Kc5 Ka4
72. Rb8 Ka5 73. Ra8# 1-0

[Event "ODJM B 2015"]
[Site "Willingen GER"]
[Date "2015.05.30"]
[Round "9"]
[White "Yi, Wendy"]
[Black "Rose, Luis Stratos"]
[Result "1/2-1/2"]
[Termination "normal"]
[Board "5"]
[WhiteElo "1401"]
[BlackElo "1385"]
[WhiteClock "00:40:19"]
[BlackClock "00:01:58"]
[PlyCount "77"]
[WhiteFideId "16224850"]
[BlackFideId "12976008"]
[EventCountry "GER"]
[EventRounds "9"]
[EventType "swiss"]
[EventDate "2015.05.23"]

1. e4 d6 2. d4 g6 3. Nc3 Bg7 4. Nf3 Nd7 5. Be2 a6 6. O-O b5 7. Bf4 Ngf6 8. a3
Bb7 9. e5 Nh5 10. Bg3 Nxg3 11. fxg3 dxe5 12. dxe5 Nxe5 13. Nxe5 Bxe5 14. Bf3
Bxf3 15. Qxf3 O-O 16. Rad1 Qb8 17. Nd5 Qa7+ 18. Kh1 c6 19. Nb4 c5 20. Nd3 Bf6
21. c3 Rad8 22. Rde1 c4 23. Nf4 Bg7 24. Nd5 e6 25. Nf6+ Bxf6 26. Qxf6 Qd7 27.
Rf2 Qd6 28. Ref1 e5 29. Qf3 Qd3 30. Qb7 Qd7 31. Qxa6 e4 32. h4 e3 33. Re2 Rfe8
34. Rfe1 Qe6 35. Qxb5 Rd3 36. Qc5 Rc8 37. Qa7 Re8 38. Qc5 Rc8 39. Qa7 1/2-1/2

[Event "ODJM B 2015"]
[Site "Willingen GER"]
[Date "2015.05.30"]
[Round "9"]
[White "Von Jan, Lena"]
[Black "Tham, Nam"]
[Result "1-0"]
[Termination "normal"]
[Board "6"]
[WhiteElo "1364"]
[BlackElo "1547"]
[WhiteClock "00:09:03"]
[BlackClock "01:41:14"]
[PlyCount "119"]
[WhiteFideId "12946060"]
[BlackFideId "12997331"]
[EventCountry "GER"]
[EventRounds "9"]
[EventType "swiss"]
[EventDate "2015.05.23"]

1. e4 e5 2. Nf3 Nc6 3. Bb5 a6 4. Ba4 Nf6 5. d3 b5 6. Bb3 Bc5 7. c3 O-O 8. Nbd2
d6 9. h3 Be6 10. Bc2 h6 11. Nf1 d5 12. Ng3 dxe4 13. dxe4 Qxd1+ 14. Bxd1 Bc4 15.
Nd2 Bd3 16. Be2 Bxe2 17. Nxe2 Rad8 18. O-O Rd7 19. Ng3 Rfd8 20. Re1 Rxd2 21.
Bxd2 Rxd2 22. Rf1 Rxb2 23. a4 b4 24. cxb4 Rxb4 25. Rac1 Bb6 26. Rxc6 Rxa4 27.
Re1 Ra2 28. Rf1 Ra3 29. Kh2 h5 30. f3 Be3 31. Nf5 Bb6 32. Ne7+ Kf8 33. Nc8 Rb3
34. Ra1 a5 35. Nxb6 cxb6 36. Rc8+ Ke7 37. Rb8 Ke6 38. Rxa5 Kd7 39. Ra7+ Ke6 40.
Ra5 Kd7 41. Rxe5 g6 42. Rb7+ Kd6 43. Ree7 Ng8 44. Rxf7 b5 45. Rb6+ Kc5 46. Rxg6
b4 47. Rc7+ Kd4 48. Rxg8 Rb1 49. Rd8+ Ke3 50. Rb7 Kf4 51. Rdb8 h4 52. Rxb4 Re1
53. e5+ Kg5 54. Rg4+ Kf5 55. Rf8+ Ke6 56. Rxh4 Ke7 57. Rff4 Rxe5 58. Re4 Rxe4
59. Rxe4+ Kf6 60. Rg4 1-0

[Event "ODJM B 2015"]
[Site "Willingen GER"]
[Date "2015.05.30"]
[Round "9"]
[White "Zell, Mirjam"]
[Black "Petri, Ben-Luca"]
[Result "0-1"]
[Termination "normal"]
[Board "8"]
[WhiteElo "1336"]
[BlackElo "1481"]
[PlyCount "58"]
[WhiteFideId "16208544"]
[BlackFideId "12947261"]
[EventCountry "GER"]
[EventRounds "9"]
[EventType "swiss"]
[EventDate "2015.05.23"]

1. e4 e6 2. d4 d5 3. Nd2 Nf6 4. Bd3 dxe4 5. Nxe4 Nbd7 6. c3 Be7 7. Nf3 O-O 8.
O-O b6 9. Nxf6+ Nxf6 10. Bg5 Bb7 11. Bc2 Ne4 12. Bxe7 Qxe7 13. Qd3 f5 14. Rfe1
Rad8 15. Qe3 Rf6 16. Bb3 Rh6 17. Rad1 Kf8 18. Rd3 g5 19. g3 Qf6 20. Kf1 Ba6 21.
c4 Bb7 22. Ke2 f4 23. gxf4 gxf4 24. Qc1 Ng5 25. Nxg5 Qxg5 26. Kd1 Rxh2 27. Rd2
Qg4+ 28. Kc2 Qf5+ 29. Kc3 Rh3+ 0-1

[Event "ODJM B 2015"]
[Site "Willingen GER"]
[Date "2015.05.30"]
[Round "9"]
[White "Frohnhäuser, Simon"]
[Black "Pahl, Theis"]
[Result "1/2-1/2"]
[Termination "normal"]
[Board "9"]
[WhiteElo "1548"]
[BlackElo "1570"]
[PlyCount "98"]
[WhiteFideId "16208528"]
[BlackFideId "16201264"]
[EventCountry "GER"]
[EventRounds "9"]
[EventType "swiss"]
[EventDate "2015.05.23"]

1. e4 c5 2. Nc3 Nc6 3. f4 d6 4. Bb5 a6 5. Bxc6+ bxc6 6. Nf3 g6 7. d3 Bg7 8. O-O
Nf6 9. Qe1 Qb6 10. Kh1 O-O 11. Qh4 h5 12. h3 Qc7 13. Be3 Rb8 14. Rab1 Bd7 15.
Ne2 c4 16. Rg1 Qc8 17. Nc3 cxd3 18. cxd3 Nh7 19. Qxe7 Bxh3 20. Qh4 Be6 21. Qf2
Rb4 22. a3 Rb7 23. Nd4 Bg4 24. Rgf1 c5 25. Nde2 c4 26. d4 Qb8 27. Ng3 Bd7 28.
f5 Nf6 29. Bg5 Ng4 30. Qd2 f6 31. Be3 h4 32. Nge2 Nxe3 33. Qxe3 gxf5 34. exf5
Rxb2 35. Rxb2 Qxb2 36. Rb1 Qc2 37. Rb7 Qxf5 38. Qe7 Rf7 39. Rb8+ Rf8 40. Rb7
Rf7 41. Qxd6 Qf1+ 42. Kh2 h3 43. Rb8+ Bf8 44. Qd5 hxg2 45. Qxg2+ Qxg2+ 46. Kxg2
Kg7 47. Rb6 Bxa3 48. Rxa6 Bf8 49. Nf4 f5 1/2-1/2

[Event "ODJM B 2015"]
[Site "Willingen GER"]
[Date "2015.05.30"]
[Round "9"]
[White "Feil, Alexander"]
[Black "Lange, Cecilia"]
[Result "0-1"]
[Termination "normal"]
[Board "10"]
[WhiteElo "1378"]
[BlackElo "1597"]
[PlyCount "80"]
[WhiteFideId "4002954"]
[BlackFideId "12976040"]
[EventCountry "GER"]
[EventRounds "9"]
[EventType "swiss"]
[EventDate "2015.05.23"]

1. e4 c6 2. d4 d5 3. exd5 cxd5 4. Bd3 Nf6 5. Bf4 Qb6 6. Nc3 Bd7 7. Rb1 Qxd4 8.
Nf3 Qxf4 9. Bb5 e6 10. a3 a6 11. Bxd7+ Nbxd7 12. O-O Bd6 13. g3 Qc4 14. Re1 O-O
15. Qd3 Qxd3 16. cxd3 Nc5 17. d4 Nce4 18. Nxe4 Nxe4 19. Kg2 Rfc8 20. Red1 Rc2
21. Rf1 Rac8 22. Kg1 Nd2 23. Nxd2 Rxd2 24. Rfc1 Rcc2 25. Rxc2 Rxc2 26. b4 Rc3
27. a4 Rc4 28. b5 Rxa4 29. bxa6 bxa6 30. Rb6 Bf8 31. Kg2 a5 32. Ra6 Ra3 33. f4
g6 34. h4 Bb4 35. Kf2 Rd3 36. Ra8+ Kg7 37. Ra6 Rxd4 38. Kf3 Rd3+ 39. Kf2 d4 40.
g4 Rh3 0-1

[Event "ODJM B 2015"]
[Site "Willingen GER"]
[Date "2015.05.30"]
[Round "9"]
[White "Zimmer, Luca"]
[Black "Wu, Erik"]
[Result "0-1"]
[Termination "normal"]
[Board "11"]
[WhiteElo "1496"]
[BlackElo "1441"]
[PlyCount "136"]
[WhiteFideId "12921424"]
[BlackFideId "12977489"]
[EventCountry "GER"]
[EventRounds "9"]
[EventType "swiss"]
[EventDate "2015.05.23"]

1. e4 c5 2. Nc3 Nc6 3. f4 e6 4. Bb5 Be7 5. Bxc6 dxc6 6. Nf3 g5 7. d3 h6 8. Ne5
Bd6 9. Qh5 Qc7 10. O-O Nf6 11. Qxf7+ Qxf7 12. Nxf7 Kxf7 13. e5 Bc7 14. exf6
Kxf6 15. fxg5+ Kg7 16. gxh6+ Kg6 17. Be3 b6 18. Ne4 Be5 19. c3 Ba6 20. Rfd1 Kf5
21. Ng3+ Kg6 22. Rab1 Rad8 23. c4 Bd4 24. Bxd4 cxd4 25. Rf1 Rxh6 26. Ne4 Kg7
27. Ng5 Rd7 28. Rbe1 Re7 29. Rf3 Rg6 30. Ne4 Kg8 31. Nd6 c5 32. Nf5 Rh7 33. Nd6
e5 34. Ne4 b5 35. Nf6+ Kg7 36. Nxh7 Kxh7 37. Rf7+ Kh6 38. Rxa7 bxc4 39. dxc4
Bxc4 40. b3 Bd3 41. Rxe5 Rf6 42. h3 Rf1+ 43. Kh2 c4 44. bxc4 Bxc4 45. Ra4 d3
46. Rxc4 d2 47. Rc6+ Kg7 48. Re7+ Kf8 49. Ra7 Rh1+ 50. Kg3 Re1 51. Rc8+ Re8 52.
Rxe8+ Kxe8 53. Ra8+ Kd7 54. Ra7+ Kc6 55. Ra6+ Kc5 56. Ra5+ Kc4 57. Ra4+ Kc3 58.
Ra3+ Kc2 59. Rf3 d1=Q 60. Rf2+ Kc3 61. Rf3+ Kd4 62. a4 Ke5 63. a5 Qa4 64. Re3+
Kd4 65. Rf3 Qxa5 66. Rf4+ Ke5 67. Kg4 Qa2 68. h4 Qxg2+ 0-1

[Event "ODJM B 2015"]
[Site "Willingen GER"]
[Date "2015.05.30"]
[Round "9"]
[White "Lilienthal, Niels Bennett"]
[Black "Bilau, Max"]
[Result "0-1"]
[Termination "normal"]
[Board "12"]
[WhiteElo "1246"]
[BlackElo "1640"]
[PlyCount "70"]
[WhiteFideId "16205421"]
[BlackFideId "12974838"]
[EventCountry "GER"]
[EventRounds "9"]
[EventType "swiss"]
[EventDate "2015.05.23"]

1. d4 e6 2. e3 c5 3. c3 d5 4. Bd3 Nc6 5. Nf3 Nf6 6. Nbd2 c4 7. Bc2 Bd6 8. e4
dxe4 9. Nxe4 Nxe4 10. Bxe4 Qa5 11. O-O f5 12. Bc2 a6 13. Re1 O-O 14. Bg5 Be7
15. Bxe7 Nxe7 16. Ng5 Qd5 17. Qe2 Rf6 18. Qe5 Qc6 19. Qe3 Rg6 20. Nf3 b5 21. g3
Bb7 22. Bd1 Rf6 23. b3 cxb3 24. axb3 h6 25. Kf1 Nd5 26. Qd3 Qxc3 27. Qxc3 Nxc3
28. Re3 Nd5 29. Rd3 Nb4 30. Re3 f4 31. Rc3 fxg3 32. hxg3 Raf8 33. Ne5 Rxf2+ 34.
Kg1 Rg2+ 35. Kh1 Rf1# 0-1

[Event "ODJM B 2015"]
[Site "Willingen GER"]
[Date "2015.05.30"]
[Round "9"]
[White "Borgmann, Simon"]
[Black "Schluckner, Paul-Leopold"]
[Result "1/2-1/2"]
[Termination "normal"]
[Board "13"]
[WhiteElo "1289"]
[BlackElo "1404"]
[PlyCount "56"]
[WhiteFideId "16234677"]
[BlackFideId "12952168"]
[EventCountry "GER"]
[EventRounds "9"]
[EventType "swiss"]
[EventDate "2015.05.23"]

1. e4 d6 2. Nf3 e5 3. Bc4 Bg4 4. c3 Nf6 5. d3 Be7 6. Be3 O-O 7. Nbd2 c6 8. a3
d5 9. Ba2 Nbd7 10. Qc2 Qc7 11. Bg5 Nb6 12. O-O h6 13. Bh4 Rfd8 14. Rfe1 Nbd7
15. b4 Re8 16. Bb3 dxe4 17. dxe4 Nh5 18. Bxe7 Rxe7 19. h3 Be6 20. Rad1 c5 21.
Bxe6 Rxe6 22. Qb3 Nb6 23. Nc4 Nxc4 24. Qxc4 Rc6 25. b5 Re6 26. Rd5 b6 27. Red1
Nf6 28. R5d3 Rae8 1/2-1/2

[Event "ODJM B 2015"]
[Site "Willingen GER"]
[Date "2015.05.30"]
[Round "9"]
[White "Youness, Fatima"]
[Black "Bardorz, Stefan"]
[Result "1/2-1/2"]
[Termination "normal"]
[Board "14"]
[WhiteElo "1369"]
[BlackElo "1241"]
[PlyCount "134"]
[WhiteFideId "16214404"]
[BlackFideId "16245474"]
[EventCountry "GER"]
[EventRounds "9"]
[EventType "swiss"]
[EventDate "2015.05.23"]

1. e4 e5 2. Nf3 Nc6 3. d4 exd4 4. Nxd4 Bc5 5. Be3 Qf6 6. c3 Nge7 7. Bc4 Qg6 8.
Qf3 O-O 9. O-O Ne5 10. Qe2 d6 11. f3 Nxc4 12. Qxc4 Bh3 13. Rf2 Rfe8 14. Nd2 Be6
15. Qe2 d5 16. Nb5 Bxe3 17. Qxe3 Rec8 18. Qc5 Kf8 19. Nxc7 dxe4 20. Nxe4 b6 21.
Nxe6+ Qxe6 22. Qh5 Qf5 23. Qxf5 Nxf5 24. Re2 Re8 25. Rd1 Re7 26. Kf2 Rae8 27.
Rdd2 f6 28. Ng3 Nxg3 29. hxg3 Rxe2+ 30. Rxe2 Rd8 31. Ke1 Kf7 32. Rd2 Re8+ 33.
Kf2 Re7 34. g4 Kg6 35. Rd5 h6 36. b4 Rc7 37. Rd3 Rc4 38. Ke3 h5 39. gxh5+ Kxh5
40. Rd5+ g5 41. Kd3 Rh4 42. Rd7 Kg6 43. c4 b5 44. Rd4 bxc4+ 45. Rxc4 Rh2 46.
Rc2 Kf5 47. Ke3 g4 48. Rc5+ Kg6 49. Kf2 gxf3 50. Kxf3 Rh4 51. g4 Rh2 52. Ra5
Rh3+ 53. Kf4 Rh7 54. Ra6 Rb7 55. a3 Rc7 56. Re6 Rc3 57. Re3 Rc4+ 58. Re4 Rxe4+
59. Kxe4 Kg5 60. Kf3 f5 61. a4 fxg4+ 62. Kg3 Kf5 63. b5 Ke6 64. a5 Kd6 65. b6
axb6 66. axb6 Kc6 67. Kxg4 Kxb6 1/2-1/2

[Event "ODJM B 2015"]
[Site "Willingen GER"]
[Date "2015.05.30"]
[Round "9"]
[White "Chalabi, Tom"]
[Black "Nimptsch, Nikolas"]
[Result "0-1"]
[Termination "normal"]
[Board "15"]
[WhiteElo "1119"]
[BlackElo "1302"]
[PlyCount "84"]
[WhiteFideId "4003012"]
[BlackFideId "16245334"]
[EventCountry "GER"]
[EventRounds "9"]
[EventType "swiss"]
[EventDate "2015.05.23"]

1. e4 c5 2. Nf3 e6 3. d4 cxd4 4. Nxd4 Nc6 5. Nc3 a6 6. Bd3 Nxd4 7. O-O Qc7 8.
Bxa6 bxa6 9. Qxd4 Nf6 10. g3 Bc5 11. Qc4 a5 12. Be3 Ba6 13. Qxc5 Qxc5 14. Bxc5
Bxf1 15. Kxf1 Rb8 16. b3 Ng4 17. h3 Nh6 18. g4 f6 19. a4 Rc8 20. Ba3 Rxc3 21.
Rd1 Rxc2 22. Rd6 Rc3 23. Rb6 Kf7 24. Rb7 Rd8 25. Bd6 Rxh3 26. Bc7 Rc8 27. Bxa5
Rc1+ 28. Kg2 Rd3 29. b4 Ra1 30. b5 Rxa4 31. Be1 Ra1 32. Bb4 Rb1 33. Bc5 Nxg4
34. Rb8 Ne5 35. b6 Rdb3 36. Rf8+ Kg6 37. Rd8 Nc4 38. Rxd7 Nxb6 39. Ra7 Nc4 40.
Bf8 Rb7 41. Ra4 Ne5 42. Kg3 R7b3+ 0-1

[Event "ODJM B 2015"]
[Site "Willingen GER"]
[Date "2015.05.30"]
[Round "9"]
[White "Ning, Felix"]
[Black "Hoppe, Nico"]
[Result "1-0"]
[Termination "normal"]
[Board "16"]
[WhiteElo "1507"]
[BlackElo "1086"]
[PlyCount "103"]
[WhiteFideId "12988553"]
[BlackFideId "16225520"]
[EventCountry "GER"]
[EventRounds "9"]
[EventType "swiss"]
[EventDate "2015.05.23"]

1. d4 d5 2. c4 c6 3. Nc3 Nf6 4. Nf3 dxc4 5. e3 b5 6. a4 b4 7. Nb1 c3 8. bxc3
bxc3 9. Nxc3 Bf5 10. Bc4 e6 11. O-O Bb4 12. Bd2 Bxc3 13. Bxc3 Ne4 14. Bb4 Nd7
15. a5 Rb8 16. Qa4 Ng5 17. Nxg5 Qxg5 18. Bd6 Be4 19. f3 Rb2 20. Bg3 Qxe3+ 21.
Bf2 Bxf3 22. gxf3 Qg5+ 23. Kh1 Qf4 24. Qxc6 Ke7 25. Bg3 Qxd4 26. Rad1 Rd2 27.
Rxd2 Qxd2 28. Bh4+ Nf6 29. Qc7+ Qd7 30. Qxd7+ Kxd7 31. Rg1 Nh5 32. Bb5+ Kd6 33.
Rd1+ Kc5 34. Rb1 Rb8 35. Bf2+ Kd6 36. Bxa7 Ra8 37. Bb6 Nf6 38. Rc1 Nd5 39. Bc5+
Ke5 40. a6 Nc7 41. Bd3 Nxa6 42. Be4 Rd8 43. Be3 f5 44. Bb7 Nb4 45. f4+ Kf6 46.
Bb6 Rd7 47. Bc8 Rd6 48. Bf2 h6 49. Bc5 Nd3 50. Bxd6 Nxc1 51. Ba6 g5 52. Bc4 1-0

[Event "ODJM B 2015"]
[Site "Willingen GER"]
[Date "2015.05.30"]
[Round "9"]
[White "Leib, Amina"]
[Black "Kostanyan, Hakob"]
[Result "0-1"]
[Termination "normal"]
[Board "17"]
[WhiteElo "1228"]
[BlackElo "1532"]
[PlyCount "114"]
[WhiteFideId "12982970"]
[BlackFideId "12977683"]
[EventCountry "GER"]
[EventRounds "9"]
[EventType "swiss"]
[EventDate "2015.05.23"]

1. d4 d5 2. Nf3 c5 3. Bf4 e6 4. e3 Nc6 5. c3 Nf6 6. h3 Bd6 7. Bxd6 Qxd6 8. Bd3
O-O 9. O-O e5 10. dxe5 Nxe5 11. Nxe5 Qxe5 12. Qf3 Bd7 13. Nd2 Bc6 14. Qf5 Qxf5
15. Bxf5 g6 16. Bc2 Rad8 17. c4 d4 18. exd4 Rxd4 19. Nb3 Rxc4 20. Bd3 Rb4 21.
Nxc5 Rxb2 22. Rfe1 Rd2 23. Bf1 b6 24. Na6 Ne4 25. Rac1 Bb7 26. Rc7 Bxa6 27.
Rxe4 Bxf1 28. Kxf1 Rxa2 29. Ree7 a5 30. Ra7 b5 31. Ke1 b4 32. Reb7 Ra3 33. Kd2
b3 34. Kc1 a4 35. Kb2 Ra2+ 36. Kb1 Re8 37. Re7 Rxe7 38. Rxe7 Rxf2 39. g4 Rh2
40. Re3 Kg7 41. g5 h6 42. gxh6+ Kxh6 43. Rf3 f5 44. Ka1 Kg5 45. Rg3+ Kh5 46.
Kb1 g5 47. Rf3 f4 48. Kc1 Kh4 49. Rc3 Rxh3 50. Rc4 a3 51. Kb1 Rh1+ 52. Rc1 a2+
53. Kb2 Rxc1 54. Kxc1 a1=Q+ 55. Kd2 b2 56. Ke2 b1=Q 57. Kd2 Qab2# 0-1

[Event "ODJM B 2015"]
[Site "Willingen GER"]
[Date "2015.05.30"]
[Round "9"]
[White "Fromm, Marius"]
[Black "Knerr, Sebastian"]
[Result "0-1"]
[Termination "normal"]
[Board "18"]
[WhiteElo "1328"]
[BlackElo "1259"]
[PlyCount "78"]
[WhiteFideId "12993190"]
[BlackFideId "16266013"]
[EventCountry "GER"]
[EventRounds "9"]
[EventType "swiss"]
[EventDate "2015.05.23"]

1. e4 e5 2. Nf3 Nf6 3. Nxe5 d6 4. Nf3 Nxe4 5. Nc3 Nxc3 6. dxc3 Be7 7. Bd3 Bg4
8. Bf4 Nc6 9. Qe2 O-O 10. O-O-O Bxf3 11. Qxf3 Bg5 12. Qh5 Bxf4+ 13. Kb1 g6 14.
Qg4 Be5 15. h4 h5 16. Qg5 Qxg5 17. hxg5 Bf4 18. Rh3 Bxg5 19. Rdh1 Kg7 20. Rg3
Bf4 21. Rf3 Be5 22. Rh4 Rae8 23. Re3 Bf6 24. Rxe8 Rxe8 25. Re4 Rxe4 26. Bxe4
Kf8 27. Kc1 Ke7 28. Kd2 Ke6 29. Kd3 d5 30. Bf3 Ne5+ 31. Ke2 Nxf3 32. Kxf3 Kf5
33. g3 Bg5 34. b3 Bd2 35. c4 dxc4 36. bxc4 Bc3 37. a4 g5 38. Kg2 g4 39. f3 Ke5
0-1

[Event "ODJM B 2015"]
[Site "Willingen GER"]
[Date "2015.05.30"]
[Round "9"]
[White "Zimmer, Claudius"]
[Black "Fromm, Johannes"]
[Result "1-0"]
[Termination "normal"]
[Board "19"]
[WhiteElo "1105"]
[BlackElo "1454"]
[PlyCount "57"]
[BlackFideId "12993204"]
[EventCountry "GER"]
[EventRounds "9"]
[EventType "swiss"]
[EventDate "2015.05.23"]

1. e4 d6 2. Bc4 Nf6 3. d3 g6 4. Nc3 Bg7 5. f4 O-O 6. Nf3 Nbd7 7. O-O e5 8. fxe5
Nxe5 9. Nxe5 dxe5 10. Bg5 Qd4+ 11. Kh1 Nd7 12. Be7 b5 13. Nxb5 Qb6 14. Bxf8
Nxf8 15. Bxf7+ Kh8 16. Bc4 Be6 17. b3 a6 18. Bxe6 Nxe6 19. Nc3 Nf4 20. g3 Nh3
21. Qe2 Rf8 22. Rxf8+ Bxf8 23. Kg2 Ng5 24. Nd5 Qe6 25. Rf1 Kg7 26. Qf2 Qh3+ 27.
Kg1 Ba3 28. b4 Qg4 29. Qf8# 1-0

[Event "ODJM B 2015"]
[Site "Willingen GER"]
[Date "2015.05.30"]
[Round "9"]
[White "Voltmer, Victor"]
[Black "Kalina, Joshua"]
[Result "0-1"]
[Termination "normal"]
[Board "20"]
[WhiteElo "1104"]
[BlackElo "1298"]
[PlyCount "50"]
[EventCountry "GER"]
[EventRounds "9"]
[EventType "swiss"]
[EventDate "2015.05.23"]

1. e4 e5 2. Nf3 Nc6 3. Bc4 Bc5 4. c3 d6 5. d4 exd4 6. cxd4 Bb6 7. O-O Nf6 8.
Re1 h6 9. e5 dxe5 10. Nxe5 O-O 11. Nxc6 bxc6 12. Be3 Re8 13. Qd3 Bb7 14. Qg6
Nd5 15. Bxd5 Qxd5 16. Qg4 Qxd4 17. Qe2 Qf6 18. Nc3 Ba5 19. Rac1 Rad8 20. Red1
Rxd1+ 21. Qxd1 Bb6 22. Bxb6 cxb6 23. Qd7 Re7 24. Qd8+ Kh7 25. h3 Re1+ 0-1

[Event "ODJM B 2015"]
[Site "Willingen GER"]
[Date "2015.05.30"]
[Round "9"]
[White "Schulze, Lukas"]
[Black "Lohrmann, Linus"]
[Result "1-0"]
[Termination "normal"]
[Board "22"]
[WhiteElo "1252"]
[BlackElo "911"]
[PlyCount "81"]
[WhiteFideId "12956856"]
[BlackFideId "12982857"]
[EventCountry "GER"]
[EventRounds "9"]
[EventType "swiss"]
[EventDate "2015.05.23"]

1. Nf3 d5 2. c4 e6 3. g3 Nf6 4. Bg2 Bc5 5. O-O O-O 6. d4 Bb6 7. Bd2 dxc4 8. Bc3
Nc6 9. Na3 Bxd4 10. Bxd4 Nxd4 11. Qxd4 b5 12. Qxd8 Rxd8 13. Ne5 c6 14. Nxc6 Re8
15. Ne7+ Rxe7 16. Bxa8 b4 17. Nxc4 Ba6 18. b3 Re8 19. Bf3 h6 20. Rfd1 Nd5 21.
Bxd5 exd5 22. Rxd5 Bb7 23. Re5 Rd8 24. Re7 Rb8 25. Ne5 Bd5 26. Rd1 Be6 27. Nc6
Rb6 28. Nd8 Ra6 29. Nxf7 Kh7 30. Rd6 Bc8 31. Rxa6 Bxa6 32. Rxa7 Bxe2 33. Ra4
Bh5 34. Ne5 Be8 35. Rxb4 Bg6 36. Nxg6 Kxg6 37. a4 Kh5 38. a5 g5 39. f4 Kg4 40.
fxg5+ Kh3 41. Rh4# 1-0

[Event "ODJM B 2015"]
[Site "Willingen GER"]
[Date "2015.05.30"]
[Round "9"]
[White "Reuker, Ronja"]
[Black "Theile, Cedric"]
[Result "0-1"]
[Termination "normal"]
[Board "23"]
[WhiteElo "1102"]
[BlackElo "1116"]
[PlyCount "100"]
[WhiteFideId "12947172"]
[BlackFideId "16283228"]
[EventCountry "GER"]
[EventRounds "9"]
[EventType "swiss"]
[EventDate "2015.05.23"]

1. e4 e5 2. Nf3 Nc6 3. Nc3 Nf6 4. Bb5 d6 5. d4 Bd7 6. O-O h6 7. Re1 Qe7 8. Nd5
Nxd5 9. exd5 Nb8 10. dxe5 Kd8 11. exd6 Qxd6 12. Ne5 Qf6 13. Nxd7 Nxd7 14. Qg4
Qd6 15. Qe4 Be7 16. Bf4 Qc5 17. Bxd7 Kxd7 18. d6 Bxd6 19. Bxd6 cxd6 20. Qe7+
Kc6 21. Qe4+ Qd5 22. Qxd5+ Kxd5 23. Re7 Rab8 24. Rxf7 g5 25. Rd1+ Ke6 26. Rf3
h5 27. Re3+ Kd7 28. Rde1 Rhe8 29. f3 h4 30. Kf2 b5 31. g3 hxg3+ 32. hxg3 Rbc8
33. c3 a5 34. a3 Rxe3 35. Rxe3 a4 36. Rd3 Ke6 37. Rd4 d5 38. Ke3 Ke5 39. Rg4
Kf5 40. Kd4 Rc4+ 41. Kxd5 Rxg4 42. fxg4+ Kxg4 43. Ke4 Kxg3 44. Kf5 g4 45. Ke4
Kf2 46. Kd5 g3 47. Kc5 g2 48. Kxb5 g1=Q 49. c4 Qc1 50. c5 Qxb2+ 0-1

[Event "ODJM B 2015"]
[Site "Willingen GER"]
[Date "2015.05.30"]
[Round "9"]
[White "Brunner, Alexander"]
[Black "Seliokaite, Ana"]
[Result "0-1"]
[Termination "normal"]
[Board "24"]
[WhiteElo "840"]
[BlackElo "1085"]
[PlyCount "132"]
[WhiteFideId "12965278"]
[BlackFideId "16224817"]
[EventCountry "GER"]
[EventRounds "9"]
[EventType "swiss"]
[EventDate "2015.05.23"]

1. e4 c5 2. Nc3 Nc6 3. f4 g6 4. Nf3 Bg7 5. Bc4 Nf6 6. d3 O-O 7. O-O d6 8. Qe1
e6 9. Qh4 d5 10. e5 Nd7 11. Qxd8 Rxd8 12. Bb5 Nb4 13. d4 Nxc2 14. Bxd7 Bxd7 15.
dxc5 Nxa1 16. Nd4 Rac8 17. Be3 Rxc5 18. Nxe6 Rxc3 19. bxc3 fxe6 20. Rxa1 Rc8
21. Bd4 b6 22. a4 Bf8 23. a5 Bc5 24. axb6 Bxd4+ 25. cxd4 axb6 26. Ra7 Rc1+ 27.
Kf2 Bc6 28. Re7 b5 29. Ra7 Rc2+ 30. Ke1 Rxg2 31. Rc7 Rc2 32. Kd1 Rc4 33. h4 b4
34. h5 gxh5 35. f5 Rxd4+ 36. Kc2 Ba4+ 37. Kb2 Rd2+ 38. Kb1 Rd1+ 39. Kb2 Re1 40.
fxe6 Re2+ 41. Kb1 Rxe5 42. e7 Kf7 43. Ra7 Rxe7 44. Rxa4 Re6 45. Rxb4 Rh6 46.
Rb5 h4 47. Rxd5 h3 48. Rd1 h2 49. Rh1 Kg6 50. Kc2 Kg5 51. Kd2 Kg4 52. Ke2 Kg3
53. Kf1 Rf6+ 54. Ke1 Kg2 55. Rxh2+ Kxh2 56. Ke2 Kg3 57. Kd2 Rf3 58. Ke2 Kf4 59.
Ke1 Ra3 60. Kd1 Ra2 61. Kc1 Ke3 62. Kd1 Rh2 63. Kc1 Kd3 64. Kb1 Kc3 65. Ka1 Kb3
66. Kb1 Rh1# 0-1

[Event "ODJM B 2015"]
[Site "Willingen GER"]
[Date "2015.05.30"]
[Round "9"]
[White "Straßburg, Robin"]
[Black "Winkin, Pol"]
[Result "1/2-1/2"]
[Termination "normal"]
[Board "25"]
[WhiteElo "1028"]
[BlackElo "937"]
[PlyCount "62"]
[WhiteFideId "16210018"]
[BlackFideId "4004787"]
[EventCountry "GER"]
[EventRounds "9"]
[EventType "swiss"]
[EventDate "2015.05.23"]

1. e4 e5 2. Nf3 Nc6 3. Bc4 Bc5 4. Nc3 d6 5. d3 Nf6 6. Bg5 Bg4 7. h3 Bxf3 8.
Qxf3 Nd4 9. Qd1 c6 10. Ne2 h6 11. Bh4 Qb6 12. Bb3 d5 13. Nxd4 Bxd4 14. c3 Bc5
15. Qf3 dxe4 16. dxe4 Be7 17. O-O O-O 18. Rad1 Rad8 19. Bxf6 Bxf6 20. Qh5 Qc7
21. Qg4 c5 22. Bd5 Qb6 23. Rb1 Qd6 24. c4 Rd7 25. f4 b6 26. f5 Bg5 27. h4 Bf6
28. Rf3 Kh7 29. Qh3 Qe7 30. h5 Bh4 31. g3 Bg5 1/2-1/2